00247nam a22001097a 4500003000400000082001700004100001100021245005300032260002400085300000800109650002000117SGT a954.01bT87C aCROOKE aTHE TRIBES AND CSTES OF THE NORTH WESTERN INDIA  aINDIAbCOSMO c1987 a294 aINDIAN HISTORY